00836nam0a22002291 4500001001100000005001700011021001900028035002600047100004100073101000800114102000700122105001800129200012300147210005200270215002900322225004200351700011400393702002500507801001800532801002200550852003400572rc\361452520260406120238.0 aRUb[73-69022] a(NLR Aleph) 007714127 a20130115d1973 |||y0rusy50 ca0 arus aRU ac z |||a|1 aЕвгений ОнегинeРоман в стихахf[Предисл., с. 5-46 и примеч. С. Бонди] aБарнаулcАлт. кн. изд-воd1973 a245 с.cпортр.d201 aШкольная библиотека 18rus7caaПушкинbА. С.cпоэтf1799-1837gАлександр Сергеевич3RU\NLR\AUTH\77386 1aБондиbС.4080 0aRUbNLRgpsbo 1aRUbELAR2rusmarc aNLRjПушкин/2-Е-14-142